LIBRARY & INFORMATION CENTRE, KCAET, TAVANUR

ONLINE PUBLIC ACCESS CATALOGUE (OPAC)

Biotechnology in Agriculture and Food Processing Prospects For the 21 st Century (Record no. 14577)

MARC details
000 -LEADER
fixed length control field 00340nam a22001217a 4500
020 ## - INTERNATIONAL STANDARD BOOK NUMBER
ISBN 9789381991954
082 ## - DEWEY DECIMAL CLASSIFICATION NUMBER
Classification number 660.6
Item number DEE/BI
100 ## - MAIN ENTRY--AUTHOR NAME
Personal name Deen Kumar Ranjan
245 ## - TITLE STATEMENT
Title Biotechnology in Agriculture and Food Processing Prospects For the 21 st Century
260 ## - PUBLICATION, DISTRIBUTION, ETC. (IMPRINT)
Place of publication Delhi
Name of publisher Swastik Publications
Year of publication 2015
300 ## - PHYSICAL DESCRIPTION
Number of Pages 232
942 ## - ADDED ENTRY ELEMENTS (KOHA)
Koha item type Books
Holdings
Withdrawn status Lost status Damaged status Collection code Home library Current library Shelving location Date acquired Source of acquisition Cost, normal purchase price Full call number Accession Number Koha item type
        KAUAET KAUAET General Stacks 18/07/2016 Ganesh Book Centre 850.00 660.6 DEE/BI 24846 Books
free website counter